| 000 | 00847nam a2200253Ia 4500 | ||
|---|---|---|---|
| 003 | OSt | ||
| 005 | 20220916110911.0 | ||
| 006 | a|||||r|||| 00| 0 | ||
| 007 | ta | ||
| 008 | 220915b |||||||| |||| 00| 0 hin d | ||
| 024 | _a42968 | ||
| 037 | _cTextbook | ||
| 040 |
_bhin _aARTS _cARTS |
||
| 041 | _ahin | ||
| 082 | _aO15,1:g, 152L9-;4 (TTPS) | ||
| 100 | _aपाण्डेय, रविदत्त | ||
| 245 | 0 | _aकाव्य में रस-योजना | |
| 246 | _aKāvya mean rasa-yojanā | ||
| 260 |
_aदिल्ली _bविमल पाण्डेय भारत _c1979 |
||
| 300 |
_a114पण् _ccm. |
||
| 650 | _aहिन्दी साहित्य | ||
| 942 |
_hO15,1:g, 152L9-;4 (TTPS) _cTB _2CC |
||
| 999 |
_c100793 _d100793 |
||